The Christian right in American politics: marching to the millennium
| Contributors: | |
|---|---|
| Format: | Print Book |
| Language: | English |
| Subito Delivery Service: | Order now. |
| Check availability: | HBZ Gateway |
| WorldCat: | WorldCat |
| Interlibrary Loan: | Interlibrary Loan for the Fachinformationsdienste (Specialized Information Services in Germany) |
| Published: |
Washington, DC
Georgetown University Press
2003
|
| In: | Year: 2003 |
| Series/Journal: | Religion and politics series
|
| Standardized Subjects / Keyword chains: | B
USA
/ New Christian Right
/ Christian politics
|
| Further subjects: | B
Christianity and politics
United States
History
20th century
B United States Church history 20th century B Christians United States Political activity |
| Online Access: |
Table of Contents (kostenfrei) |
MARC
| LEADER | 00000cam a2200000 c 4500 | ||
|---|---|---|---|
| 001 | 1607057077 | ||
| 003 | DE-627 | ||
| 005 | 20251225192933.0 | ||
| 007 | tu | ||
| 008 | 030919s2003 xx ||||| 00| ||eng c | ||
| 010 | |a 2002014309 | ||
| 020 | |a 0878403922 |c (pbk. : alk. paper) |9 0-87840-392-2 | ||
| 020 | |a 0878403930 |c (hardcover : alk. paper) |9 0-87840-393-0 | ||
| 035 | |a (DE-627)1607057077 | ||
| 035 | |a (DE-576)107061643 | ||
| 035 | |a (DE-599)BSZ107061643 | ||
| 035 | |a (OCoLC)50604804 | ||
| 040 | |a DE-627 |b ger |c DE-627 |e rakwb | ||
| 041 | |a eng | ||
| 050 | 0 | |a BR517.C47 2003 | |
| 082 | 0 | |a 320.55097309048 | |
| 082 | 0 | |a 320.5/5/097309048 | |
| 084 | |a 1 |2 ssgn | ||
| 084 | |a NQ 8340 |2 rvk |0 (DE-625)rvk/129000: | ||
| 245 | 0 | 4 | |a The Christian right in American politics |b marching to the millennium |c John C. Green, Mark J. Rozell, and Clyde Wilcox, editors |
| 264 | 1 | |a Washington, DC |b Georgetown University Press |c 2003 | |
| 300 | |a VIII, 296 S. | ||
| 336 | |a Text |b txt |2 rdacontent | ||
| 337 | |a ohne Hilfsmittel zu benutzen |b n |2 rdamedia | ||
| 338 | |a Band |b nc |2 rdacarrier | ||
| 490 | 0 | |a Religion and politics series | |
| 500 | |a Includes bibliographical references and index | ||
| 583 | 1 | |a Archivierung prüfen |c 20200919 |f DE-640 |z 2 |2 pdager | |
| 583 | 1 | |a Archivierung/Langzeitarchivierung gewährleistet |f SSG |x XA-DE-BW |2 pdager |5 DE-21 | |
| 601 | |a Millennium | ||
| 650 | 0 | |a Christianity and politics |x United States |x History |x 20th century | |
| 650 | 0 | |a Christians |x United States |x Political activity | |
| 651 | 0 | |a United States |x Church history |x 20th century | |
| 689 | 0 | 0 | |d g |0 (DE-588)4078704-7 |0 (DE-627)106076612 |0 (DE-576)209209682 |2 gnd |a USA |
| 689 | 0 | 1 | |d s |0 (DE-588)4216128-9 |0 (DE-627)105051756 |0 (DE-576)210229314 |2 gnd |a Neue Christliche Rechte |
| 689 | 0 | 2 | |d s |0 (DE-588)4070000-8 |0 (DE-627)106101684 |0 (DE-576)209178906 |2 gnd |a Christliche Politik |
| 689 | 0 | |5 (DE-627) | |
| 700 | 1 | |e Hrsg. |0 (DE-588)132534592 |0 (DE-627)523628854 |0 (DE-576)260105007 |4 edt |a Green, John Clifford |d 1953- | |
| 856 | 4 | 2 | |u http://www.gbv.de/dms/goettingen/354129333.pdf |x Verlag |z kostenfrei |3 Inhaltsverzeichnis |7 0 |
| 935 | |a mteo | ||
| 936 | r | v | |a NQ 8340 |b Einzelbeiträge |k Geschichte |k Geschichte seit 1918 |k Geschichte auswärtiger Staaten seit 1945 |k Nordamerika |k Geschichte der USA (seit 1945) |k Einzelbeiträge |0 (DE-627)1271076519 |0 (DE-625)rvk/129000: |0 (DE-576)201076519 |
| 951 | |a BO | ||
| ELC | |b 1 | ||
| ITA | |a 1 |t 1 | ||
| LOK | |0 000 xxxxxcx a22 zn 4500 | ||
| LOK | |0 001 3125828554 | ||
| LOK | |0 003 DE-627 | ||
| LOK | |0 004 1607057077 | ||
| LOK | |0 005 20030919000000 | ||
| LOK | |0 008 030919||||||||||||||||ger||||||| | ||
| LOK | |0 040 |a DE-21 |c DE-627 |d DE-21 | ||
| LOK | |0 852 |a DE-21 | ||
| LOK | |0 852 1 |c 43 A 8345 |9 00 | ||
| LOK | |0 935 |a theo | ||
| LOK | |0 936ln |a t4.13 | ||
| LOK | |0 936ln |a t5.2 | ||
| LOK | |0 939 |a 19-09-03 |b l01 | ||
| ORI | |a SA-MARC-ixtheoa001.raw | ||
| REL | |a 1 | ||
| STA | 0 | 0 | |a Christian politics,New Christian Right,USA,USA,Middle West,USA,USA,USA,USA,USA,America,Confederate States of America,Midwest |
| STB | 0 | 0 | |a Nouvelle droite chrétienne,New Christian Right,New Christian Right,Politique chrétienne |
| STC | 0 | 0 | |a Nueva derecha cristiana,Política cristiana |
| STD | 0 | 0 | |a Nuova destra cristiana,New Christian Right,New Christian Right,Politica cristiana |
| STE | 0 | 0 | |a 基督教政治,新基督教右派 |
| STF | 0 | 0 | |a 基督教政治,新基督教右派 |
| STG | 0 | 0 | |a Nova direita cristã,Política cristã |
| STH | 0 | 0 | |a Новые христианские права,Христианская политика |
| STI | 0 | 0 | |a Νέα Χριστιανική Δεξιά,New Christian Right,Χριστιανική πολιτική |
| SUB | |a REL | ||
| SYG | 0 | 0 | |a United States,United States of America,Vereinigte Staaten,Vereinigte Staaten von Amerika , United States of America,Vereinigte Staaten von Amerika,Amerika <USA>,United States of America,Vereinigte Staaten von Amerika,Amerika <USA>,USA,USA,Nord,Nördliche Vereinigte Staaten,Nordwestamerika,USA,Nordwest,Pazifischer Nordwesten,Mittlerer Westen,USA,Middle West,Mittelwesten,Midwest,USA,Nordost,Nordöstliche Vereinigte Staaten,USA,Südost,Südöstliche Vereinigte Staaten,USA,Ost,Östliche Vereinigte Staaten,Südwestliche USA,USA,Südweststaaten,Südwestliche Vereinigte Staaten,USA,Südwest,USA,West,Westliche Vereinigte Staaten,Nordamerikanische Südstaaten,Konföderierte Staaten von Amerika,Confederate States of America,Südliche Vereinigte Staaten,Südatlantische Staaten,Südöstliche Staaten,United States of America,Vereinigte Staaten von Amerika,Nordamerika,Amerika,United States,United States of America,Etats Unis,Etats-Unis,Vereinigte Staaten,Estados Unidos de America,EEUU,Vereinigte Staaten von Nordamerika,Soedinennye Štaty Ameriki,SŠA,Stany Zjednoczone Ameryki Północnej,Hēnōmenai Politeiai tēs Boreiu Amerikēs,Hēnōmenes Politeies tēs Amerikēs,HēPA,Ēnōmenes Politeies tēs Amerikēs,ĒPA,Meiguo,Etats-Unis d'Amérique,US , New Christian Right,New Religious Right,New Evangelical Right,Religious Right,Christian Right,New Religious Political Right,Religiöse Rechte |



